LEADER 02888oam 2200745 c 450 001 9910955474803321 005 20260302090207.0 010 $a3-95743-728-8 024 3 $a9783957437280 035 $a(CKB)4100000011352715 035 $a(MiAaPQ)EBC6516256 035 $a(Au-PeEL)EBL6516256 035 $a(OCoLC)1243545848 035 $a(Brill | mentis)9783957437280 035 $a(EXLCZ)994100000011352715 100 $a20260302d2020 uy 0 101 0 $aeng 135 $aurcnu|||||||| 181 $ctxt$2rdacontent 182 $cc$2rdamedia 183 $acr$2rdacarrier 200 04$aDie Natur der Lebensform$ePerspektiven in Biologie, Ontologie und praktischer Philosophie$fGeorg Toepfer, Christina Pinsdorf, Ralf Becker, Dieter Sturma, Andrea Kern, Christian Kietzmann, Nicholas Rescher, Alice Crary, Elif Özmen, Julian Nida-Rümelin, Martin Hähnel, Jörg Noller 205 $a1st ed. 210 $aPaderborn$cBrill | mentis$d2020 215 $a1 online resource (238 pages) 311 08$a3-95743-169-7 330 $aDer Band vereint aktuelle Beiträge, die sich mit der biologischen, anthropologischen, ontologischen und ethischen Dimension des Begriffs der Lebensform befassen. Das Buch gliedert sich in drei Teile. Der erste Teil (?Biologie und Anthropologie?) widmet sich verschiedenen Verwendungsweisen des Begriffes ?Lebensform? sowohl in der aristotelischen als auch zeitgenössischen Philosophie der Biologie. Der zweite Teil (?Ontologie?) enthält Beiträge, die mittels des Lebensformkonzepts eine Ontologie des Lebens zu entwickeln beabsichtigen. Der dritte Teil (?Praktische Philosophie?) behandelt die Frage, welche normativen Implikationen ein ontologisch-biologisch informierter Lebensformbegriff für die praktische Philosophie hat. 606 $aEthik 606 $aPerson 606 $aLeben 606 $aNormativität 606 $aethics 606 $ametaphysics 606 $aperson 606 $anormativity 606 $alife 615 4$aEthik 615 4$aPerson 615 4$aLeben 615 4$aNormativität 615 4$aethics 615 4$ametaphysics 615 4$aperson 615 4$anormativity 615 4$alife 676 $a128 702 $aToepfer$b Georg$4ctb 702 $aPinsdorf$b Christina$4ctb 702 $aBecker$b Ralf$4ctb 702 $aSturma$b Dieter$4ctb 702 $aKern$b Andrea$4ctb 702 $aKietzmann$b Christian$4ctb 702 $aRescher$b Nicholas$4ctb 702 $aCrary$b Alice$4ctb 702 $aÖzmen$b Elif$4ctb 702 $aNida-Rümelin$b Julian$4ctb 702 $aHähnel$b Martin$4edt 702 $aNoller$b Jörg$4edt 801 0$bMiAaPQ 801 1$bMiAaPQ 801 2$bMiAaPQ 906 $aBOOK 912 $a9910955474803321 996 $aDie Natur der Lebensform$93929381 997 $aUNINA